000
00216 a2200097 4500
001
42235
100
_a
Twenty C G
245
_a
Ch. Technical Dictionary
260
_a
_b
W & R Chambers Ltd
_c
090
_c
26211
_d
26211
942
_a
NUST-CAE
_c
M
_c
18016
999
_c
277308
_d
277308